Saint Louis Basketball: Leading Scorer Every Year - Statistics

General Stats
  • This quiz has been taken 4 times
  • The average score is 26 of 79
Answer Stats
Year Player Average % Correct
1997-1998 Larry Hughes 20.9
100%
1976-1977 Carl Johnson 13.8
75%
2021-2022 Gibson Jimerson 16.3
75%
2022-2023 Gibson Jimerson 14.0
75%
2019-2020 Jordan Goodwin 15.5
75%
2011-2012 Brian Conklin 13.9
50%
2012-2013 Dwayne Evans 14.0
50%
2013-2014 Dwayne Evans 14.0
50%
1945-1946 Ed Macauley 11.3
50%
1946-1947 Ed Macauley 13.8
50%
1947-1948 Ed Macauley 13.6
50%
1948-1949 Ed Macauley 15.5
50%
1955-1956 Grady Smith 19.0
50%
2020-2021 Javonte Perkins 17.1
50%
2009-2010 Kwamain Mitchell 15.9
50%
2010-2011 Mike McCall Jr. 10.4
50%
2023-2024 Sincere Parker 15.9
50%
1988-1989 Anthony Bonner 15.5
25%
1989-1990 Anthony Bonner 19.8
25%
2015-2016 Ash Yacoubou 11.0
25%
1959-1960 Bevo Nordmann 16.3
25%
1960-1961 Bevo Nordmann 13.0
25%
1973-1974 Bill Morris 17.3
25%
1958-1959 Bob Ferry 22.2
25%
1962-1963 Dave Harris 12.4
25%
2016-2017 Davell Roby 11.7
25%
1979-1980 David Burns 17.4
25%
1980-1981 David Burns 21.4
25%
1952-1953 Dick Boushka 18.3
25%
1953-1954 Dick Boushka 21.4
25%
1954-1955 Dick Boushka 19.7
25%
1950-1951 Ed Scott 11.1
25%
1992-1993 Erwin Claggett 19.7
25%
1993-1994 Erwin Claggett 17.4
25%
1994-1995 Erwin Claggett 18.2
25%
1963-1964 Gil Beckemeier 13.3
25%
1956-1957 Harold Alcorn 20.1
25%
1971-1972 Harry Rogers 18.7
25%
1972-1973 Harry Rogers 24.5
25%
2005-2006 Ian Vougioukas 13.9
25%
1957-1958 Jack Mimlitz 17.8
25%
2017-2018 Javon Bess 13.3
25%
2018-2019 Javon Bess 15.3
25%
1995-1996 Jeff Harris 13.6
25%
1996-1997 Jeff Harris 12.9
25%
1978-1979 Jim Glass 14.1
25%
1970-1971 Jim Irving 20.8
25%
1949-1950 Joe Ossola 11.6
25%
1968-1969 Joe Wiley 16.5
25%
1969-1970 Joe Wiley 22.0
25%
1998-1999 Justin Love 13.7
25%
1999-2000 Justin Love 18.2
25%
2007-2008 Kevin Lisch 14.6
25%
2008-2009 Kevin Lisch 14.1
25%
1974-1975 Lewis McKinney 21.5
25%
1975-1976 Lewis McKinney 19.1
25%
1982-1983 Luther Burden 15.5
25%
1983-1984 Luther Burden 13.2
25%
1984-1985 Luther Burden 19.6
25%
2001-2002 Marque Perry 14.1
25%
2002-2003 Marque Perry 17.1
25%
2000-2001 Maurice Jeffers 16.0
25%
2014-2015 Milik Yarbrough 10.0
25%
1985-1986 Monroe Douglass 14.5
25%
1987-1988 Monroe Douglass 15.9
25%
1990-1991 Quitman Dillard 14.0
25%
1991-1992 Quitman Dillard 14.4
25%
1951-1952 Ray Steiner 12.9
25%
2003-2004 Reggie Bryant 16.4
25%
2004-2005 Reggie Bryant 12.2
25%
1964-1965 Rich Naes 11.6
25%
1966-1967 Rich Niemann 18.1
25%
1967-1968 Rich Niemann 16.0
25%
1965-1966 Rich Parks 18.6
25%
1977-1978 Ricky Frazier 13.7
25%
1986-1987 Roland Gray 16.9
25%
1961-1962 Tom Kieffer 11.2
25%
2006-2007 Tommie Liddell 15.4
25%
1981-1982 Willie Becton 12.2
25%
No matching quizzes found
Score Distribution
Percent of People with Each Score
Percentile by Number Answered
Your Score History
You have not taken this quiz